| 000 | 00634nam a2200193 a 4500 | ||
|---|---|---|---|
| 001 | 000024964 | ||
| 005 | 20200930023458.0 | ||
| 008 | 110208s1979 dr 000 0 spa d | ||
| 082 |
_a180 _bP349d |
||
| 100 | 1 |
_aPeña Ramos, Héctor Antonio _951230 |
|
| 245 | 1 | 3 |
_aLa doctrina atomista antigua : _bimportante filosofía materialista / _cHector Antonio Peña Ramos. |
| 260 |
_aSanto Domingo : _bAlfa y Omega, _c1979. |
||
| 300 |
_a89 p. ; _c20 cm. |
||
| 504 | _aBibliografía : p. 85-87. | ||
| 590 | _aInventariado, 2018/MFF | ||
| 650 | 4 |
_aFilosofía antigua _91215 |
|
| 910 | _aValidado. Control de calidad EMS | ||
| 999 |
_c24457 _d24457 |
||
| 040 | _aDO-SdBNP | ||